Catálogo
 En Linea

Semiótica narrativa y textual / (Registro nro. 11584)

Detalles MARC
000 -CABECERA
campo de control de longitud fija 01132nam a2200313 a 4500
001 - NÚMERO DE CONTROL
campo de control 000011914
005 - FECHA Y HORA DE LA ÚLTIMA TRANSACCIÓN
campo de control 20200929162621.0
008 - DATOS DE LONGITUD FIJA--INFORMACIÓN GENERAL
campo de control de longitud fija 091029s1978 ve ad 001 0 spa d
040 ## - FUENTE DE LA CATALOGACIÓN
Centro catalogador/agencia de origen DO-SdBNP
Lengua de catalogación spa
Centro/agencia transcriptor BNPHU
041 17 - CÓDIGO DE LENGUA
Código de lengua del texto/banda sonora o título independiente spa
Código de lengua original fre
Fuente del código Código de idioma MARC
082 ## - NÚMERO DE LA CLASIFICACIÓN DECIMAL DEWEY
Número de clasificación 412
Número de documento/Ítem C429s
049 ## - FONDOS LOCALES (OCLC)
Fondos de biblioteca BNGR
100 1# - ENTRADA PRINCIPAL--NOMBRE DE PERSONA
Nombre de persona Chabrol, Claude
9 (RLIN) 28180
240 10 - TÍTULO UNIFORME
Título uniforme Sémiotique narrative et textuelle
Lenguaje de la obra español
245 10 - MENCIÓN DE TÍTULO
Título Semiótica narrativa y textual /
Mención de responsabilidad, etc. Claude Chabrol ... [et. al.].
260 ## - PUBLICACIÓN, DISTRIBUCIÓN, ETC.
Lugar de publicación, distribución, etc. Caracas, Venezuela :
Nombre del editor, distribuidor, etc. Biblioteca Central de la Universidad Central de Venezuela,
Fecha de publicación, distribución, etc. 1978.
300 ## - DESCRIPCIÓN FÍSICA
Extensión 247 p. :
Otras características físicas il., tablas ;
Dimensiones 22 cm.
490 1# - MENCIÓN DE SERIE
Mención de serie Arte y Literatura
Designación de volumen o secuencia 7
534 ## - NOTA SOBRE LA VERSIÓN ORIGINAL
Frase introductoria Título original en francés:
Mención de título del original Sémiotique narrative et textuelle
Publicación, distribución, etc. del original París : Librairie Larousse, 1973.
650 #4 - PUNTO DE ACCESO ADICIONAL DE MATERIA--TÉRMINO DE MATERIA
Término de materia o nombre geográfico como elemento de entrada Semiótica
9 (RLIN) 4668
650 #4 - PUNTO DE ACCESO ADICIONAL DE MATERIA--TÉRMINO DE MATERIA
Término de materia o nombre geográfico como elemento de entrada Discursos
9 (RLIN) 6584
700 1# - PUNTO DE ACCESO ADICIONAL--NOMBRE DE PERSONA
Nombre de persona Alexandrescu, Sorin
9 (RLIN) 28181
700 1# - PUNTO DE ACCESO ADICIONAL--NOMBRE DE PERSONA
Nombre de persona Greimas, A. J.
9 (RLIN) 28182
700 1# - PUNTO DE ACCESO ADICIONAL--NOMBRE DE PERSONA
Nombre de persona Barthes, Roland
9 (RLIN) 28183
700 1# - PUNTO DE ACCESO ADICIONAL--NOMBRE DE PERSONA
Nombre de persona Maranda, Pierre
9 (RLIN) 28184
700 1# - PUNTO DE ACCESO ADICIONAL--NOMBRE DE PERSONA
Nombre de persona Bremond, Claude
9 (RLIN) 28185
700 1# - PUNTO DE ACCESO ADICIONAL--NOMBRE DE PERSONA
Nombre de persona Schmidt, Siegfried J.
9 (RLIN) 28186
830 #0 - PUNTO DE ACCESO ADICIONAL DE SERIE-TÍTULO UNIFORME
Título uniforme Arte y Literatura
Designación de volumen o secuencia 7
9 (RLIN) 10210
Existencias
Estado de retiro Estado de pérdida Restricciones de uso No para préstamo Código de colección Localización permanente Ubicación/localización actual Ubicación en estantería Fecha de adquisición Número de inventario Total de préstamos Signatura topográfica completa Código de barras Fecha visto por última vez Precio válido a partir de Tipo de ítem Koha
    Préstamo interno   Monografías: Libros y Folletos General General En catalogación 29.10.2009 LF1   412 C429s 11914-10 25.06.2020 25.06.2020 Préstamo interno

Con tecnología Koha